FMB state of trade survey (Record no. 110832)

MARC details
000 -LEADER
fixed length control field 01055cad a22002415a 4500
001 - CONTROL NUMBER
control field L150336
008 - FIXED-LENGTH DATA ELEMENTS--GENERAL INFORMATION
fixed length control field 100701s2010 xxkd f 000 0 eng d
035 ## - SYSTEM CONTROL NUMBER
System control number (Sirsi) u150336
041 0# - LANGUAGE CODE
Language code of text/sound track or separate title eng
050 04 - LIBRARY OF CONGRESS CALL NUMBER
Classification number 338.4569 $2 18
110 2# - MAIN ENTRY--CORPORATE NAME
Corporate name or jurisdiction name as entry element Federation of Master Builders
9 (RLIN) 465
245 00 - TITLE STATEMENT
Title FMB state of trade survey
Remainder of title first quarter 2010 - summary
Medium [electronic resource]
260 ## - PUBLICATION, DISTRIBUTION, ETC.
Place of publication, distribution, etc. [S.l.]
Name of publisher, distributor, etc. FMB
Date of publication, distribution, etc. 2010
490 #0 - SERIES STATEMENT
Series statement FMB State of Trade Survey
Volume/sequential designation First Quarter 2010
520 ## - SUMMARY, ETC.
Summary, etc. The latest Federation of Master Builders Survey highlights some encouraging signs across many sectors for the first quarter of 2010; most firms reported lower workloads which is likely to continue.
521 2# - TARGET AUDIENCE NOTE
Target audience note Advanced
590 ## - LOCAL NOTE (RLIN)
Local note KA NTK
650 24 - SUBJECT ADDED ENTRY--TOPICAL TERM
Topical term or geographic name entry element FEDERATION OF MASTER BUILDERS STATE OF TRADE SURVEY
651 #4 - SUBJECT ADDED ENTRY--GEOGRAPHIC NAME
Geographic name United Kingdom
Chronological subdivision
690 ## - LOCAL SUBJECT ADDED ENTRY--TOPICAL TERM (OCLC, RLIN)
Topical term or geographic name as entry element BUILT ENVIRONMENT-CONSTRUCTION MARKET
856 40 - ELECTRONIC LOCATION AND ACCESS
Uniform Resource Identifier <a href="https://www.fmb.org.uk/information-and-help/publications/state-of-trade-survey/?entryid24=167511">https://www.fmb.org.uk/information-and-help/publications/state-of-trade-survey/?entryid24=167511</a>
Public note View the website free of charge at www.fmb.org.uk
942 ## - ADDED ENTRY ELEMENTS (KOHA)
Suppress in OPAC 0
Holdings
Withdrawn status Lost status Source of classification or shelving scheme Damaged status Not for loan Home library Current library Shelving location Date acquired Total Checkouts Full call number Barcode Date last seen Copy number Price effective from Koha item type
    Dewey Decimal Classification     Virtual Virtual Online 01/07/2010   ONLINE PUBLICATION 150336-2001 06/08/2019 1 06/08/2019 Journal article